000 004550000a22001570004500
003 MACL
005 20171224130740.0
008 171224b xxu||||| |||| 00| 0 eng d
040 _cmacl
100 _aमजूमदार,लीला
_968502
245 _aमदर टेरेसा
260 _bनेशनल बुक ट्रस्‍ट
_c2002
350 _a9
650 _aचिल्‍ड्रन
_969770
942 _cHIN
_k741.642
_2ddc
999 _c11033
_d11033